Curso de fisicoquímica experimental

Bibliographic Details
Main Author: Daniels, Farrington
Format: Section = Libro
Language:Undetermined
Spanish
Published: México Centro Regional de Ayuda Técnica 1972
Edition:7a.ed.
Subjects:
LEADER 00472nam a2200181Ia 4500
008 240830s9999 xx 000 0 und d
040 |a CEDOC FIQ-RUSB / 539 C975 
041 |a spa 
082 |a 539 C975 
100 1 |a Daniels, Farrington 
245 1 0 |a Curso de fisicoquímica experimental 
250 |a 7a.ed. 
260 |a México  |b Centro Regional de Ayuda Técnica  |c 1972 
300 |a 681 p. : il 
650 7 |a FISICOQUIMICA 
942 |c BK  |2 ddc 
991 |a TEXTO 
999 |c 13429